000
00320nam a2200121Ia 4500
008
191201s2019 xx 000 0 und d
100
_a
HWANG, Kai and CHEN, Min
245
0
_a
Big Data Analytics for Cloud IOT and Cognitive Computing
260
_b
Wiley
_c
2019
300
_a
409
650
_a
B.Tech(IT)
942
_2
ddc
_c
BK
999
_c
7037
_d
7037